The changing face of Bengal : (Record no. 55483)
[ view plain ]
| 000 -LEADER | |
|---|---|
| fixed length control field | 00800nam a2200229 a 4500 |
| 001 - CONTROL NUMBER | |
| control field | 55483 |
| 003 - CONTROL NUMBER IDENTIFIER | |
| rucl marc code | BD-RjUL |
| 005 - DATE AND TIME OF LATEST TRANSACTION | |
| control field | 20211209080255.0 |
| 008 - FIXED-LENGTH DATA ELEMENTS--GENERAL INFORMATION | |
| fixed length control field | 800724s1938 ii b 000 0 eng |
| 035 ## - SYSTEM CONTROL NUMBER | |
| System control number | (BD-RjUL) 55606 |
| 040 ## - CATALOGING SOURCE | |
| Original cataloging agency | DLC |
| Transcribing agency | LU |
| Modifying agency | BD-RjUL |
| Language of cataloging | eng |
| 041 ## - LANGUAGE CODE | |
| Language code of text/sound track or separate title | eng |
| 082 ## - DEWEY DECIMAL CLASSIFICATION NUMBER | |
| Edition number | 23 |
| Classification number | 330.09541 |
| Author mark and year | MUC 1938 |
| 100 1# - MAIN ENTRY--PERSONAL NAME | |
| Personal name | Mukerjee, Radhakamal, |
| Dates associated with a name | 1889- |
| 9 (RLIN) | 165278 |
| 245 14 - TITLE STATEMENT | |
| Title | The changing face of Bengal : |
| Remainder of title | a study in riverine economy / |
| Statement of responsibility, etc. | by Radhakamal Mukerjee. |
| 260 ## - PUBLICATION, DISTRIBUTION, ETC. (IMPRINT) | |
| Place of publication, distribution, etc. | Calcutta : |
| Name of publisher, distributor, etc. | The University of Calcutta, |
| Date of publication, distribution, etc. | 1938. |
| 300 ## - PHYSICAL DESCRIPTION | |
| Pagination | viii, 288 p. : |
| Illustrations | ill, ; |
| Size | 25 cm. |
| 490 0# - SERIES STATEMENT | |
| Series statement | Calcutta university readership lectures |
| 651 #0 - SUBJECT ADDED ENTRY--GEOGRAPHIC NAME | |
| Geographic name | Bengal (India) |
| General subdivision | Economic conditions. |
| 9 (RLIN) | 119005 |
| Geographic name | Ganges River Valley (India and Bangladesh) |
| General subdivision | Economic conditions. |
| 9 (RLIN) | 165279 |
| 942 ## - ADDED ENTRY ELEMENTS (KOHA) | |
| Source of classification or shelving scheme | Dewey Decimal Classification |
| Koha item type | Books |
| Lost status | Source of classification or shelving scheme | Damaged status | Not for loan | Collection code | Permanent Location | Current Location | Shelving location | Date acquired | Source of acquisition | Cost, normal purchase price | Total Checkouts | Full call number | Date last seen | Copy number | Koha item type |
|---|---|---|---|---|---|---|---|---|---|---|---|---|---|---|---|
| Dewey Decimal Classification | Non-fiction | Central Library, University of Rajshahi | Central Library, University of Rajshahi | 17/11/1990 | Zeitlinger | 0.00 | 330.09541 MUC 1938 | 19/11/2016 | C-2 | Books | |||||
| Dewey Decimal Classification | Not For Loan | Non-fiction | Central Library, University of Rajshahi | Central Library, University of Rajshahi | Reading Room | 17/11/1990 | R.U.L. | 0.00 | 330.09541 MUC 1938 | 29/04/2017 | C-1 | Books | |||
| Dewey Decimal Classification | Non-fiction | Central Library, University of Rajshahi | Central Library, University of Rajshahi | 08/11/1956 | B.H. Blackwell | 8.00 | 330.09541 MUC 1938 | 04/05/2017 | C-3 | Books |